Movies Quiz

Random Movies or Star Wars Quiz

Star Wars Crawl (Episode VII) Quiz Stats

 Plays Quiz Updated Mar 29, 2016

Challenge
Share
Tweet
Embed
Score 0/88 Timer 06:00
2 Plays Today
% Correct
a
93%
a
93%
a
93%
the
91.7%
the
91.7%
the
91.7%
the
91.7%
the
91.7%
the
91.7%
the
91.7%
Luke
88.8%
Luke
88.8%
Skywalker
86.8%
Skywalker,
86.8%
has
81.7%
has
81.7%
has
81.7%
has
81.7%
has
81.7%
Leia
79.2%
Leia
79.2%
ORDER
74.4%
FIRST
72.4%
In
71.2%
in
71.2%
an
70.9%
vanished.
68.3%
to
67.9%
to
67.9%
to
67.9%
% Correct
to
67.9%
Jedi,
67%
Empire
66.1%
of
65.5%
of
65.5%
is
63.2%
General
61.7%
and
61.1%
and
61.1%
and
61.1%
galaxy.
57.2%
on
56.6%
Organa
56%
last
55.7%
her
55.6%
her
55.6%
RESISTANCE.
53.6%
find
53%
pilot
52.7%
his
50.6%
his
50.6%
from
49.7%
Jakku,
47.3%
risen
47.1%
brother
46.6%
sent
46.2%
REPUBLIC,
45.1%
ashes
44.5%
been
44.2%
absence,
44.2%
% Correct
mission
44.1%
where
43.9%
old
42.9%
most
39.8%
secret
37.5%
not
36.2%
ally
35.9%
rest
35.4%
will
35.3%
She
34.4%
help
33.5%
peace
32.6%
With
31.8%
daring
30.7%
clue
30.5%
leads
30.3%
sinister
30%
whereabouts....
30%
until
29.6%
Luke's
29.2%
destroyed.
27.9%
brave
25.3%
desperate
25.2%
discovered
24.9%
justice
23%
restoring
22%
support
19.8%
gain
18.3%

You're not logged in!

Compare scores with friends on all Sporcle quizzes.
Join for Free
OR
Log In

You Might Also Like...

Show Comments

Extras

Top Quizzes Today


Score Distribution

Your Account Isn't Verified!

In order to create a playlist on Sporcle, you need to verify the email address you used during registration. Go to your Sporcle Settings to finish the process.

Report this User

Report this user for behavior that violates our Community Guidelines.

Details: